Leasing - alternativní forma financování základních prostředků Legislativní úprava a podnikové aspekty

Gespeichert in:
Bibliographische Detailangaben
1. Verfasser: Feixová, Dana
Format: Buch
Sprache:Tschechisch
Veröffentlicht: Praha Ústřední ústav národohospodářského výzkumu 1991
Ausgabe:1. vyd.
Schriftenreihe:Studijně rozborové a informační materiály
Schlagworte:
Tags: Tag hinzufügen
Keine Tags, Fügen Sie das erste Tag hinzu!

MARC

LEADER 00000nam a2200000 4500
001 c005487
005 20221214094036.7
041 0 |a cze 
044 |a CZ 
245 1 0 |a Leasing - alternativní forma financování základních prostředků  |b Legislativní úprava a podnikové aspekty  |c Dana Feixová 
250 |a 1. vyd. 
264 1 |a Praha  |b Ústřední ústav národohospodářského výzkumu  |c 1991 
300 |a 52 s. 
490 1 |a Studijně rozborové a informační materiály 
830 0 |a Studijně rozborové a informační materiály 
610 2 0 |a lízing 
610 2 0 |a financovanie investícií 
610 2 0 |a prostriedky základné 
610 2 0 |a legislatíva 
610 2 0 |a dane dôchodkové 
610 2 0 |a dane z obratu 
100 1 |a Feixová, Dana